[Event "Langley op"]
[Site "Langley CAN"]
[Date "2022.09.05"]
[Round "5.4"]
[White "Xu, Andrew"]
[Black "Wu, Nathan"]
[Result "1-0"]
[WhiteElo "1959"]
[BlackElo "1862"]
[PlyCount "63"]
[EventDate "2022.09.03"]
[EventType "swiss"]
[EventRounds "6"]
[EventCountry "CAN"]

1. e4 d5 2. exd5 Qxd5 3. Nc3 Qd6 4. d4 Nf6 5. Nf3 Bg4 6. Be2 Nbd7 7. h3 Bh5 8.
Be3 c6 9. Qd2 e6 10. Bf4 Qb4 11. O-O Bd6 12. Bxd6 Qxd6 13. Rad1 O-O 14. Ng5
Bxe2 15. Qxe2 Rfd8 16. Nge4 Qb4 17. Rd3 Nxe4 18. Qxe4 Nf6 19. Qe3 Nd5 20. Nxd5
cxd5 21. Rb3 Qe7 22. Rd3 Rdc8 23. c3 b5 24. f4 Qf6 25. f5 a5 26. fxe6 Qxe6 27.
Qf3 Re8 28. a3 Rab8 29. Kh1 b4 30. axb4 axb4 31. cxb4 Rxb4 32. Re3 1-0

[Event "Langley op"]
[Site "Langley CAN"]
[Date "2022.09.05"]
[Round "5.5"]
[White "Peiris, Gayan"]
[Black "Yang, Jingyun (Ryan)"]
[Result "0-1"]
[WhiteElo "1922"]
[BlackElo "2099"]
[PlyCount "168"]
[EventDate "2022.09.03"]
[EventType "swiss"]
[EventRounds "6"]
[EventCountry "CAN"]

1. e4 c5 2. Nf3 d6 3. d4 cxd4 4. Nxd4 Nf6 5. Nc3 a6 6. g3 e5 7. Nde2 Nc6 8. Bg2
Be7 9. O-O O-O 10. h3 Be6 11. Nd5 Bxd5 12. exd5 Nb8 13. c4 Nbd7 14. Be3 Nb6 15.
Rc1 Nfd7 16. b4 Qc7 17. c5 dxc5 18. bxc5 Nxc5 19. d6 Bxd6 20. Bxb7 Rad8 21.
Bxa6 Qe7 22. Bxc5 Bxc5 23. Qc2 Ba3 24. Rb1 Nd5 25. Bc4 Nf6 26. Rb5 Rc8 27. Qb3
Ne4 28. Rd5 Bc5 29. Kg2 Nf6 30. Rdd1 Rb8 31. Qf3 Rfc8 32. Bb3 Re8 33. Nc3 Bd4
34. Ne4 Nxe4 35. Qxe4 Qa7 36. f4 Qb7 37. Bd5 Qb2+ 38. Kh1 Rf8 39. fxe5 Bxe5 40.
Rb1 Qc3 41. Rxb8 Rxb8 42. Rxf7 Kh8 43. Rf3 Qa1+ 44. Kg2 Bd4 45. h4 Bc5 46. Bb3
Qg1+ 47. Kh3 Qh1+ 48. Kg4 Qc1 49. Qf4 Rb4 50. Qxb4 Bxb4 51. Rf4 Bd6 52. Rc4 h5+
53. Kxh5 Qh6+ 54. Kg4 Qg6+ 55. Kf3 Qxg3+ 56. Ke2 Kh7 57. Bc2+ Kh6 58. a4 Qg2+
59. Ke3 Bc5+ 60. Kd3 Qf3+ 61. Kd2 Qf2+ 62. Kc3 Qe3+ 63. Bd3 Kh5 64. Re4 Qc1+
65. Bc2 Bf2 66. Kb3 Bxh4 67. a5 Bf6 68. Rc4 Qa1 69. Kb4 g5 70. Kb5 g4 71. a6 g3
72. Be4 Bd4 73. Rc2 Bf2 74. Bf3+ Kg5 75. Rc4 Qb2+ 76. Rb4 Qe5+ 77. Ka4 Qe8+ 78.
Rb5+ Kf4 79. Bg2 Bd4 80. Ka5 Ke3 81. Kb4 Kf2 82. Rd5 Qe1+ 83. Kc4 Qc3+ 84. Kb5
Kxg2 0-1

[Event "Langley op"]
[Site "Langley CAN"]
[Date "2022.09.05"]
[Round "5.6"]
[White "Jayawardena, Dinusha"]
[Black "Ma, Derek"]
[Result "0-1"]
[WhiteElo "1701"]
[BlackElo "2223"]
[PlyCount "80"]
[EventDate "2022.09.03"]
[EventType "swiss"]
[EventRounds "6"]
[EventCountry "CAN"]

1. e4 c5 2. Nc3 e6 3. f4 a6 4. a4 b6 5. Nf3 Bb7 6. d3 Nf6 7. Qe2 d5 8. g3 dxe4
9. Nxe4 Be7 10. Bg2 Nc6 11. O-O O-O 12. c3 Qc7 13. Be3 Ng4 14. h3 Nxe3 15. Qxe3
Rfd8 16. Rad1 Rd7 17. Kh2 Rad8 18. Ne1 e5 19. f5 f6 20. g4 Na5 21. h4 Bc6 22.
Ra1 c4 23. g5 cxd3 24. gxf6 Bxf6 25. Nxf6+ gxf6 26. Bxc6 Qxc6 27. Qh6 Rg7 28.
Nf3 Rdd7 29. Rf2 Nb3 30. Re1 e4 31. Ng5 Qd6+ 32. Kh3 fxg5 33. f6 Rg6 34. Qh5
Qe6+ 35. Kh2 g4 36. Rf5 d2 37. Rd1 e3 38. Re5 Qxf6 39. Rf5 Qd6+ 40. Kh1 e2 0-1

[Event "Langley op"]
[Site "Langley CAN"]
[Date "2022.09.05"]
[Round "5.7"]
[White "Song, Ethan"]
[Black "Qin, Kaiqi"]
[Result "1-0"]
[WhiteElo "2086"]
[BlackElo "1700"]
[PlyCount "67"]
[EventDate "2022.09.03"]
[EventType "swiss"]
[EventRounds "6"]
[EventCountry "CAN"]

1. e4 c6 2. d4 d5 3. Nd2 dxe4 4. Nxe4 Bf5 5. Ng3 Bg6 6. Nf3 Nd7 7. Bd3 Ngf6 8.
O-O e6 9. Re1 Be7 10. Qe2 O-O 11. Be3 Nd5 12. c4 Nxe3 13. Bxg6 hxg6 14. Qxe3
Qb6 15. b3 Rfe8 16. Rad1 a5 17. h4 Nf6 18. Ne4 Nxe4 19. Qxe4 Bb4 20. Re3 c5 21.
d5 Qd8 22. d6 Ra7 23. Ne5 Ba3 24. d7 Re7 25. Re2 Bb4 26. Rd3 a4 27. h5 gxh5 28.
bxa4 Ba5 29. Rh3 f5 30. Qf3 h4 31. Rxh4 Rxd7 32. Qh5 Rd1+ 33. Kh2 Kf8 34. Qf7#
1-0

[Event "Langley op"]
[Site "Langley CAN"]
[Date "2022.09.05"]
[Round "5.8"]
[White "Aljo, Johan"]
[Black "Leong, Ryan"]
[Result "1/2-1/2"]
[WhiteElo "1581"]
[BlackElo "1950"]
[PlyCount "125"]
[EventDate "2022.09.03"]
[EventType "swiss"]
[EventRounds "6"]
[EventCountry "CAN"]

1. d4 Nf6 2. c4 e6 3. Nf3 d5 4. g3 Be7 5. Bg2 O-O 6. O-O c6 7. Qc2 Nbd7 8. Nbd2
c5 9. e3 b6 10. b3 Ba6 11. Bb2 Rc8 12. Rac1 cxd4 13. exd4 dxc4 14. bxc4 Rc7 15.
Qb3 Bb7 16. Rfe1 Qa8 17. a3 Ne4 18. Nxe4 Bxe4 19. Qe3 Nf6 20. Nh4 Bxg2 21. Nxg2
Rfc8 22. Qd3 Qb7 23. Ne3 Qf3 24. Qe2 Qxe2 25. Rxe2 h5 26. Rd1 Ng4 27. Nxg4 hxg4
28. d5 Rxc4 29. dxe6 Rc2 30. exf7+ Kxf7 31. Rdd2 Rxd2 32. Rxd2 Rc4 33. Rd7 Ra4
34. Kf1 g6 35. Ke2 Ke6 36. Rd3 Re4+ 37. Kd2 Bg5+ 38. Kd1 Be7 39. Kd2 Bc5 40. f3
gxf3 41. Rxf3 Kd5 42. Rf6 Re6 43. Rxe6 Kxe6 44. a4 Kf5 45. Kd3 Kg4 46. Ke4 Bg1
47. Ke5 Bxh2 48. Kf6 Bxg3 49. Kxg6 Kf4 50. Kf6 Ke4 51. Ke6 Kd3 52. Kd5 Bf2 53.
Be5 Be3 54. Bb8 a5 55. Be5 Bf2 56. Bf6 Bc5 57. Be5 Bb4 58. Kc6 Bc5 59. Kb5 Ke4
60. Bc7 Kd5 61. Bxb6 Bb4 62. Bxa5 Bxa5 63. Kxa5 1/2-1/2

[Event "Langley op"]
[Site "Langley CAN"]
[Date "2022.09.05"]
[Round "5.9"]
[White "Gao, Justin"]
[Black "Liu, Zachary"]
[Result "0-1"]
[WhiteElo "1503"]
[BlackElo "1918"]
[PlyCount "128"]
[EventDate "2022.09.03"]
[EventType "swiss"]
[EventRounds "6"]
[EventCountry "CAN"]

1. d4 d5 2. Bf4 c5 3. c3 Nc6 4. e3 Nf6 5. Nf3 Qb6 6. Qc2 g6 7. dxc5 Qxc5 8. Bd3
Qb6 9. Nbd2 Bg7 10. Nb3 Bd7 11. h3 Rc8 12. Qe2 O-O 13. O-O Nh5 14. Bh2 e5 15.
Bc2 e4 16. Nfd4 Nxd4 17. exd4 Bb5 18. Qd2 Bxf1 19. Rxf1 Qd8 20. Bd1 Nf6 21. Be2
Nd7 22. Rc1 Nb6 23. Nc5 Qe7 24. b3 Rfd8 25. Rc2 h6 26. Qe3 Bf6 27. Bg4 Rc6 28.
Qe1 Bg5 29. Re2 f5 30. h4 Bxh4 31. Bh3 h5 32. g3 Bf6 33. Qd2 Nc8 34. Nd3 Bg5
35. f4 Bf6 36. Ne5 Bxe5 37. fxe5 Nb6 38. Re1 Rdc8 39. Rc1 Nd7 40. Bf1 Nf8 41.
c4 b5 42. c5 a6 43. b4 Ne6 44. Kg2 Rf8 45. Be2 Qh7 46. Rc3 h4 47. a3 hxg3 48.
Rxg3 f4 49. Rh3 f3+ 50. Kg3 Qf7 51. Bf1 Qf4+ 52. Qxf4 Nxf4 53. Rh4 Ne2+ 54. Kf2
Nxd4 55. Bf4 Ne6 56. Bc1 Rf5 57. Bb2 g5 58. Rh6 Kg7 59. Rh5 d4 60. Bh3 e3+ 61.
Kf1 Nf4 62. Bxf5 Nxh5 63. Bd3 Ng3+ 64. Kg1 Rh6 0-1

[Event "Langley op"]
[Site "Langley CAN"]
[Date "2022.09.05"]
[Round "5.10"]
[White "Zou, Alex"]
[Black "Kerry, James"]
[Result "0-1"]
[WhiteElo "1466"]
[BlackElo "1897"]
[PlyCount "90"]
[EventDate "2022.09.03"]
[EventType "swiss"]
[EventRounds "6"]
[EventCountry "CAN"]

1. e4 c5 2. Nf3 d6 3. Nc3 Nf6 4. Bc4 Nc6 5. h3 g6 6. d3 Bg7 7. Bf4 e5 8. Bg5 h6
9. Bd2 a6 10. Nd5 b5 11. Bb3 Nxe4 12. dxe4 c4 13. Bxc4 bxc4 14. Qe2 Na5 15. O-O
Bb7 16. Bxa5 Qxa5 17. Qxc4 Rc8 18. Qb3 Bxd5 19. exd5 O-O 20. c3 Rb8 21. Qc2
Qxd5 22. Nd2 Qb5 23. Qb3 Qd3 24. Qd1 Rxb2 25. Nb3 Qxc3 26. Qxd6 a5 27. Qa3 e4
28. Qxa5 Qxa5 29. Nxa5 Rb5 30. Rae1 Rxa5 31. Rxe4 Rxa2 32. Rd1 Rfa8 33. Rd7
R8a7 34. Re8+ Kh7 35. Rd3 Rc7 36. g3 Rcc2 37. Rf3 Rxf2 38. Rxf2 Bd4 39. Kh1
Rxf2 40. g4 Kg7 41. Re4 Bc5 42. h4 Bd6 43. h5 gxh5 44. gxh5 Rh2+ 45. Kg1 Rxh5
0-1

[Event "Langley op"]
[Site "Langley CAN"]
[Date "2022.09.05"]
[Round "6.1"]
[White "Nunez Asencio, Jorge"]
[Black "Doknjas, John"]
[Result "0-1"]
[WhiteElo "2311"]
[BlackElo "2319"]
[PlyCount "100"]
[EventDate "2022.09.03"]
[EventType "swiss"]
[EventRounds "6"]
[EventCountry "CAN"]

1. d4 Nf6 2. Nf3 e6 3. c4 d5 4. Nc3 Be7 5. Bf4 O-O 6. e3 c5 7. dxc5 Bxc5 8. a3
Nc6 9. cxd5 Nxd5 10. Nxd5 exd5 11. Bd3 Be7 12. O-O Be6 13. b4 Bf6 14. Rc1 a6
15. h3 Rc8 16. Rc5 g6 17. Qe2 d4 18. e4 Be7 19. Rc2 Qb6 20. Rfc1 Rfe8 21. Bc4
Bxc4 22. Rxc4 Rcd8 23. Ne1 Bd6 24. Bxd6 Rxd6 25. Nd3 Ne5 26. Rc8 Rdd8 27. Rxd8
Qxd8 28. Rc5 Nxd3 29. Qxd3 Qe7 30. e5 Rd8 31. f4 Qh4 32. f5 Qe1+ 33. Qf1 Qe3+
34. Qf2 gxf5 35. Kf1 Qg5 36. Ke1 d3 37. Kd1 Qh5+ 38. Qf3 Qh6 39. Qxf5 Qe3 40.
Qg4+ Kf8 41. Qf3 Qg1+ 42. Kd2 Qa1 43. e6 Qa2+ 44. Kd1 Qb3+ 45. Kd2 Qxe6 46. Rc3
Qa2+ 47. Kd1 Qb1+ 48. Rc1 Qb3+ 49. Kd2 Qb2+ 50. Kd1 d2 0-1

[Event "Langley op"]
[Site "Langley CAN"]
[Date "2022.09.05"]
[Round "6.2"]
[White "Fuentebella, Mayo"]
[Black "McLaren, Brian"]
[Result "0-1"]
[WhiteElo "2296"]
[BlackElo "2073"]
[PlyCount "53"]
[EventDate "2022.09.03"]
[EventType "swiss"]
[EventRounds "6"]
[EventCountry "CAN"]

1. c4 c6 2. Nc3 d5 3. e3 e6 4. d4 f5 5. Nf3 Nf6 6. Ne5 g6 7. f4 Bg7 8. Be2 Nbd7
9. O-O O-O 10. Bd2 dxc4 11. Bxc4 Nxe5 12. fxe5 Nd5 13. Qb3 Qb6 14. Qxb6 axb6
15. e4 Nxc3 16. bxc3 b5 17. Bb3 fxe4 18. Bc2 Rxf1+ 19. Kxf1 Bd7 20. Bxe4 Ra3
21. Ke2 b6 22. Kd1 c5 23. Kc2 b4 24. Kb2 Ra7 25. a3 bxa3+ 26. Rxa3 Rxa3 27.
Kxa3 {Forfeit due to cellphone.} 0-1

[Event "Langley op"]
[Site "Langley CAN"]
[Date "2022.09.05"]
[Round "6.3"]
[White "Liu, Zachary"]
[Black "Xu, Andrew"]
[Result "1/2-1/2"]
[WhiteElo "1918"]
[BlackElo "1959"]
[PlyCount "49"]
[EventDate "2022.09.03"]
[EventType "swiss"]
[EventRounds "6"]
[EventCountry "CAN"]

1. e4 e5 2. Nf3 Nc6 3. d4 exd4 4. Nxd4 Nf6 5. Nc3 Bb4 6. Nxc6 bxc6 7. Bd3 O-O
8. O-O Re8 9. Re1 d5 10. exd5 Rxe1+ 11. Qxe1 cxd5 12. Bd2 Rb8 13. Rd1 Be6 14.
a3 Bd6 15. Bc1 c6 16. h3 Qd7 17. Bf1 Re8 18. Qd2 h6 19. b4 Be5 20. Bb2 Qc7 21.
Re1 Ne4 22. Nxe4 Bxb2 23. Nc5 d4 24. Nxe6 Rxe6 25. Rxe6 1/2-1/2

[Event "Langley op"]
[Site "Langley CAN"]
[Date "2022.09.05"]
[Round "6.4"]
[White "Ma, Derek"]
[Black "Song, Ethan"]
[Result "1/2-1/2"]
[WhiteElo "2223"]
[BlackElo "2086"]
[PlyCount "161"]
[EventDate "2022.09.03"]
[EventType "swiss"]
[EventRounds "6"]
[EventCountry "CAN"]

1. e4 e5 2. Nf3 Nc6 3. Bc4 Nf6 4. d3 Be7 5. O-O d6 6. c3 O-O 7. Bb3 h6 8. Re1
a6 9. Nbd2 Na5 10. Bc2 c5 11. Nf1 b5 12. Ng3 Nh7 13. d4 cxd4 14. cxd4 Nc6 15.
Nf5 Qc7 16. Nxe7+ Qxe7 17. dxe5 dxe5 18. h3 Be6 19. b3 Rfd8 20. Qe2 Nf8 21. Be3
Rac8 22. Rac1 Ng6 23. Bb1 Qb4 24. Bb6 Rd7 25. Qb2 Qe7 26. Rc2 Rb7 27. Bc5 Qf6
28. Re3 Rd8 29. Rd2 Rbd7 30. Bb6 Rxd2 31. Nxd2 Rd7 32. Bd3 Nf4 33. Bf1 Qe7 34.
Rc3 Nd4 35. Nf3 Nxf3+ 36. Rxf3 Qd6 37. Be3 Ng6 38. Be2 Qc6 39. Qb1 Kh8 40. Bc1
Rd4 41. Bb2 Rd8 42. Rc3 Qb6 43. Qc2 Nf4 44. Bf1 Rd6 45. Kh2 Qd8 46. Bc1 Ng6 47.
Rd3 Kh7 48. Be3 Rxd3 49. Bxd3 Qa5 50. Bc5 Nf4 51. Kg1 Nxd3 52. Qxd3 Qxa2 53. b4
Bc4 54. Qg3 Qb1+ 55. Kh2 Qxe4 56. Bd6 f6 57. Bf8 g5 58. Bc5 Bd5 59. f3 Qg6 60.
Bd6 e4 61. fxe4 Qxe4 62. Bc5 Kg6 63. Bd6 h5 64. Qf2 Qe6 65. Bc5 Be4 66. Qd4 Qf5
67. Bd6 Ba8 68. Qd2 Qe4 69. Bc5 Bd5 70. Qb2 g4 71. hxg4 Qf4+ 72. Kg1 Qxg4 73.
Qf2 f5 74. Bd6 h4 75. Kh2 Be4 76. Be7 Kh5 77. Qb2 Qg3+ 78. Kg1 Bxg2 79. Bxh4
Kxh4 80. Qh8+ Kg4 81. Qg7+ 1/2-1/2

[Event "Langley op"]
[Site "Langley CAN"]
[Date "2022.09.05"]
[Round "6.5"]
[White "Dela Cruz, Jimson"]
[Black "Zhu, Brandon"]
[Result "1-0"]
[WhiteElo "1503"]
[BlackElo "2110"]
[PlyCount "121"]
[EventDate "2022.09.03"]
[EventType "swiss"]
[EventRounds "6"]
[EventCountry "CAN"]

1. e4 d6 2. d4 Nf6 3. Bd3 e5 4. c3 c5 5. Nf3 Bg4 6. dxe5 Bxf3 7. Qxf3 dxe5 8.
Bg5 Qb6 9. Nd2 Nbd7 10. Nc4 Qe6 11. Ne3 a6 12. Bc4 Qc6 13. Nd5 Be7 14. O-O Bd8
15. Rad1 O-O 16. Bxf6 Bxf6 17. Ne3 Nb6 18. Bd5 Qc7 19. Qg4 Rad8 20. h4 Rd7 21.
h5 Rfd8 22. c4 Kf8 23. Qf5 Kg8 24. Rd3 Nc8 25. Ng4 Rd6 26. Rg3 Kh8 27. Rd1 Ne7
28. Qf3 Nc6 29. Ne3 Nd4 30. Qg4 Qd7 31. Nf5 Nxf5 32. exf5 h6 33. Qe4 Qa4 34.
Qb1 Qxc4 35. Bxc4 Rxd1+ 36. Qxd1 Rxd1+ 37. Kh2 e4 38. Re3 Kg8 39. Rxe4 Kf8 40.
b3 b5 41. Be2 Ra1 42. a4 bxa4 43. bxa4 Bd4 44. Bxa6 Rxa4 45. Bb5 Ra8 46. Kg3 f6
47. Re6 Rb8 48. Ba6 Rb3+ 49. f3 Be5+ 50. Kh3 Bd4 51. Bc4 Rb4 52. Bd5 Bf2 53. g4
Bd4 54. Kg2 Rb2+ 55. Kf1 Rc2 56. Bc6 Be5 57. Re8+ Kf7 58. Re6 c4 59. Be8+ Kg8
60. Bg6 Rc1+ 61. Ke2 1-0

[Event "Langley op"]
[Site "Langley CAN"]
[Date "2022.09.05"]
[Round "6.6"]
[White "Yang, Jingyun (Ryan)"]
[Black "Kerry, James"]
[Result "1-0"]
[WhiteElo "2099"]
[BlackElo "1897"]
[PlyCount "71"]
[EventDate "2022.09.03"]
[EventType "swiss"]
[EventRounds "6"]
[EventCountry "CAN"]

1. g3 Nf6 2. Nf3 d5 3. Bg2 c5 4. O-O Nc6 5. d4 e6 6. c3 Be7 7. Nbd2 cxd4 8.
cxd4 O-O 9. Nb3 Bd6 10. Bd2 Ne4 11. Rc1 Nxd2 12. Qxd2 Bd7 13. Nc5 b6 14. Nb7
Qc7 15. Nxd6 Qxd6 16. Rfe1 Rac8 17. e3 Rc7 18. Bf1 Rfc8 19. Ba6 Rd8 20. Rc3 Nb8
21. Rxc7 Qxc7 22. Rc1 Qd6 23. Bd3 Rc8 24. Rxc8+ Bxc8 25. Bxh7+ Kf8 26. Bd3 Ba6
27. Bxa6 Nxa6 28. Qd3 Nb4 29. Qh7 f6 30. a3 Nc6 31. h4 Ne7 32. h5 Ng8 33. Nh4
Nh6 34. Qh8+ Kf7 35. Qa8 Qc7 36. Ng6 1-0

[Event "Langley op"]
[Site "Langley CAN"]
[Date "2022.09.05"]
[Round "6.7"]
[White "Leong, Ryan"]
[Black "Amjadi, Borna"]
[Result "1/2-1/2"]
[WhiteElo "1950"]
[BlackElo "1715"]
[PlyCount "101"]
[EventDate "2022.09.03"]
[EventType "swiss"]
[EventRounds "6"]
[EventCountry "CAN"]

1. Nf3 Nf6 2. g3 d5 3. Bg2 e6 4. O-O Be7 5. c4 c6 6. d4 dxc4 7. Ne5 O-O 8. Nc3
Nbd7 9. Nxc4 Nb6 10. Ne5 c5 11. dxc5 Bxc5 12. Qc2 Qe7 13. Ne4 Nxe4 14. Bxe4 f5
15. Bg2 Qc7 16. Qc3 Na4 17. Qc4 Nb6 18. Qc3 Na4 {Black offered a draw.} 19. Qb3
Qxe5 20. Qxa4 Qxe2 21. Bf4 Qxb2 22. Rab1 Qf6 23. Qc4 Qd4 24. Qc2 Be7 25. Rfd1
Qf6 26. Qc7 Bd8 27. Qc5 Be7 28. Qe3 g5 29. Be5 Qf7 30. Bxb7 Bxb7 31. Rxb7 f4
32. gxf4 gxf4 33. Qf3 Rfd8 {Black offered a draw.} 34. Rdb1 Rd5 35. Qg2+ Kf8
36. Rb8+ Rxb8 37. Rxb8+ Bd8 38. Qg5 Qg6 39. Qxg6 hxg6 40. Bxf4 g5 41. Be3 a5
42. Rb7 Be7 43. Kg2 Bc5 44. Rb5 Bxe3 45. Rxd5 exd5 46. fxe3 Kf7 47. Kf3 Kf6 48.
e4 dxe4+ 49. Kxe4 a4 50. a3 Kg6 51. Kf3 1/2-1/2

[Event "Langley op"]
[Site "Langley CAN"]
[Date "2022.09.05"]
[Round "6.8"]
[White "An, Aidan"]
[Black "Peiris, Gayan"]
[Result "0-1"]
[WhiteElo "900"]
[BlackElo "1922"]
[PlyCount "49"]
[EventDate "2022.09.03"]
[EventType "swiss"]
[EventRounds "6"]
[EventCountry "CAN"]

1. d4 d5 2. Nf3 Nf6 3. c4 e6 4. Nc3 a6 5. cxd5 exd5 6. g3 Be7 7. Bg2 O-O 8. O-O
h6 9. Re1 c5 10. dxc5 Bxc5 11. a3 Nc6 12. b4 Ba7 13. e3 Bg4 14. h3 Be6 15. Nd4
Nxd4 16. exd4 Qc8 17. Ne2 Bxh3 18. Bh1 Bg4 19. Be3 Qf5 20. Bf4 g5 21. Be5 Ne4
22. Rf1 Nc3 23. Qc2 Nxe2+ 24. Kh2 Qxc2 25. Kg2 0-1

[Event "Langley op"]
[Site "Langley CAN"]
[Date "2022.09.05"]
[Round "6.9"]
[White "Wu, Nathan"]
[Black "Harms, Reece"]
[Result "0-1"]
[WhiteElo "1862"]
[BlackElo "1456"]
[PlyCount "90"]
[EventDate "2022.09.03"]
[EventType "swiss"]
[EventRounds "6"]
[EventCountry "CAN"]

1. d4 d5 2. Bf4 Nf6 3. e3 c5 4. Nc3 a6 5. dxc5 e6 6. Na4 Qa5+ 7. c3 Bxc5 8.
Nxc5 Qxc5 9. Bd3 Nc6 10. Nf3 O-O 11. Ne5 b5 12. Qf3 b4 13. Nxc6 Qxc6 14. cxb4
Qb6 15. a3 a5 16. Be5 Nd7 17. Bc3 axb4 18. Bxb4 Qxb4+ 19. axb4 Rxa1+ 20. Kd2
Rxh1 21. Qg3 Nf6 22. Qc7 Ra1 23. b5 Ra8 24. g4 Bd7 25. g5 Ne4+ 26. Ke2 Rfd8 27.
b6 Be8 28. Ba6 Rab8 29. Bd3 Rdc8 30. Qa7 Nc5 31. Ba6 Nxa6 32. b7 Bb5+ 33. Kf3
Rc7 34. Qd4 Rcxb7 35. h4 Nc7 36. h5 Ne8 37. Qe5 Bd7 38. Kg3 f6 39. gxf6 Nxf6
40. f3 h6 41. e4 dxe4 42. fxe4 Rxb2 43. Qd4 R8b3+ 44. Kf4 Rb4 45. Qd3 R2b3 0-1

[Event "Langley op"]
[Site "Langley CAN"]
[Date "2022.09.05"]
[Round "6.10"]
[White "Samiei, Navid"]
[Black "Aljo, Johan"]
[Result "0-1"]
[WhiteElo "1686"]
[BlackElo "1581"]
[PlyCount "86"]
[EventDate "2022.09.03"]
[EventType "swiss"]
[EventRounds "6"]
[EventCountry "CAN"]

1. d4 Nf6 2. c4 e6 3. Nc3 d5 4. Nf3 Bb4 5. Bg5 h6 6. Bxf6 Qxf6 7. e3 O-O 8. Bd3
c5 9. cxd5 cxd4 10. Nxd4 exd5 11. Qb3 Bxc3+ 12. Qxc3 Nc6 13. Nxc6 Qxc3+ 14.
bxc3 bxc6 15. Rb1 Be6 16. h3 Rab8 17. Ke2 Rb6 18. Rxb6 axb6 19. Rb1 b5 20. Rb2
Ra8 21. Kd2 Kf8 22. h4 Ke7 23. g3 g5 24. hxg5 hxg5 25. f4 gxf4 26. gxf4 Kf6 27.
e4 dxe4 28. Bxe4 Ra6 29. Bb1 Bf5 30. Bxf5 Kxf5 31. Ke3 Ra4 32. Rh2 Re4+ 33. Kd3
Rxf4 34. Rh5+ Ke6 35. Rh8 f5 36. Re8+ Kd5 37. Rd8+ Kc5 38. Rf8 Rf3+ 39. Kc2 Kc4
40. Kb2 Rf2+ 41. Ka3 c5 42. Rc8 f4 43. Rf8 b4+ 0-1

[Event "Laval op"]
[Site "Laval CAN"]
[Date "2022.06.24"]
[Round "1.1"]
[White "Mercure, Gilbert"]
[Black "Rodrigue-Lemieux, Shawn"]
[Result "0-1"]
[WhiteElo "1732"]
[BlackElo "2366"]
[PlyCount "94"]
[EventDate "2022.06.24"]
[EventType "swiss"]
[EventRounds "5"]
[EventCountry "CAN"]

1. e4 c6 2. d4 d5 3. f3 e6 4. Nc3 Bb4 5. Bd2 Ne7 6. h4 b6 7. a3 Bd6 8. e5 Bc7
9. Bd3 Ba6 10. Bxa6 Nxa6 11. Qe2 Nb8 12. Qf2 c5 13. f4 Nbc6 14. Nce2 Nxd4 15.
Nxd4 cxd4 16. Nf3 b5 17. Nxd4 Bb6 18. c3 Rc8 19. Be3 a6 20. Nf5 Bxe3 21. Nxe3
h5 22. Nc2 Nf5 23. Nd4 Nxd4 24. cxd4 Qa5+ 25. Qd2 Qa4 26. Rc1 Rxc1+ 27. Qxc1
Kd7 28. Qd1 Qa5+ 29. Qd2 Qb6 30. Rh3 Rc8 31. Rc3 Rc4 32. Rxc4 dxc4 33. Qe3 a5
34. Qe4 Qc6 35. Qc2 b4 36. axb4 axb4 37. f5 c3 38. fxe6+ Kxe6 39. Kf2 Qc4 40.
bxc3 Qxc3 41. Qa2+ b3 42. Qa6+ Kf5 43. Qd6 b2 44. e6 Qd2+ 45. Kg3 Qe3+ 46. Kh2
b1=Q 47. exf7 Qbg1# 0-1

[Event "Laval op"]
[Site "Laval CAN"]
[Date "2022.06.24"]
[Round "1.2"]
[White "Chiku-Ratte, Olivier-Kenta"]
[Black "Adam, Rafael"]
[Result "1-0"]
[WhiteElo "2353"]
[BlackElo "1722"]
[PlyCount "103"]
[EventDate "2022.06.24"]
[EventType "swiss"]
[EventRounds "5"]
[EventCountry "CAN"]

1. d4 Nf6 2. c4 e6 3. g3 d5 4. Nf3 Be7 5. Bg2 O-O 6. O-O dxc4 7. a4 a5 8. Qc2
Bd7 9. Ne5 Bc6 10. Nxc6 Nxc6 11. e3 Nb4 12. Qxc4 c6 13. Nd2 Nd7 14. Nf3 Bd6 15.
Bd2 Qe7 16. e4 Rac8 17. Bc3 e5 18. Bh3 exd4 19. Qxd4 f6 20. Bxb4 axb4 21. Rad1
Ne5 22. Nxe5 Bxe5 23. Qc4+ Kh8 24. Bxc8 Rxc8 25. Rd2 c5 26. Rfd1 Qe8 27. Qb5
Bd4 28. Qxe8+ Rxe8 29. Rxd4 cxd4 30. Rxd4 b3 31. Rb4 Kg8 32. f3 Rc8 33. Rxb3
Rc4 34. Rxb7 Rxa4 35. Kf2 Ra1 36. h4 h5 37. Ke3 Rg1 38. Kf4 Kh7 39. b4 Kh6 40.
Rb6 Rd1 41. b5 Kg6 42. Rc6 Rb1 43. b6 Rb4 44. Ke3 Rb3+ 45. Kd4 Kf7 46. Kc5 Ke7
47. Rc7+ Kd8 48. Rxg7 Rc3+ 49. Kd6 Rd3+ 50. Ke6 Kc8 51. b7+ Kb8 52. f4 1-0

[Event "Laval op"]
[Site "Laval CAN"]
[Date "2022.06.24"]
[Round "1.3"]
[White "Guipi Bopala, Prince Eric jr"]
[Black "Gutierrez, Renzo"]
[Result "0-1"]
[WhiteElo "1668"]
[BlackElo "2227"]
[PlyCount "96"]
[EventDate "2022.06.24"]
[EventType "swiss"]
[EventRounds "5"]
[EventCountry "CAN"]

1. d4 d5 2. c4 e6 3. Nf3 c6 4. g3 dxc4 5. Bg2 b5 6. a4 Bb7 7. axb5 cxb5 8. O-O
a6 9. b3 cxb3 10. Qxb3 Nf6 11. Nc3 Nbd7 12. Bf4 Be7 13. Rfe1 O-O 14. Rad1 b4
15. Na4 Bd5 16. Qb2 Qa5 17. Ra1 Qb5 18. Nd2 Bxg2 19. Kxg2 Nd5 20. e4 Nxf4+ 21.
gxf4 Rfc8 22. Nb3 Qh5 23. Qe2 Qh6 24. Qf3 Rab8 25. Rec1 Rxc1 26. Rxc1 Nf8 27.
Nac5 Ng6 28. Kh1 Bd6 29. e5 Bxc5 30. dxc5 Qxf4 31. Qxf4 Nxf4 32. c6 Rc8 33. Nd4
Nd3 34. Ra1 Nxf2+ 35. Kg2 Nd3 36. Rxa6 g5 37. Nb5 b3 38. Nd6 b2 39. Rb6 Rxc6
40. Rb3 Rc2+ 41. Kg3 Nxe5 42. Ne4 h6 43. h4 f5 44. Nf6+ Kf7 45. hxg5 hxg5 46.
Nh7 f4+ 47. Kh3 Kg6 48. Nf8+ Kf5 0-1

[Event "Laval op"]
[Site "Laval CAN"]
[Date "2022.06.24"]
[Round "1.4"]
[White "Ouellet, Maili-Jade"]
[Black "Laroche, Hugo"]
[Result "1/2-1/2"]
[WhiteElo "2212"]
[BlackElo "1635"]
[PlyCount "148"]
[EventDate "2022.06.24"]
[EventType "swiss"]
[EventRounds "5"]
[EventCountry "CAN"]

1. d4 d5 2. c4 c6 3. Nf3 Nf6 4. Nc3 e6 5. Bg5 Be7 6. e3 O-O 7. cxd5 exd5 8. Qc2
h6 9. Bh4 Bg4 10. Ne5 Be6 11. h3 Nbd7 12. f4 Nxe5 13. dxe5 Ne4 14. Bxe7 Qxe7
15. O-O-O Bf5 16. g4 Nxc3 17. Qxc3 Be4 18. Rg1 f6 19. exf6 Qxf6 20. Qxf6 Rxf6
21. Be2 Re8 22. h4 Kh7 23. h5 Kh8 24. Rg3 Rfe6 25. Kd2 Rd6 26. Ke1 Bh7 27. Kf2
Rde6 28. Bf1 R6e7 29. Rd2 Be4 30. Bh3 Rf8 31. Kg1 Rfe8 32. Kf2 Rf8 33. a3 a6
34. Bf1 Rfe8 35. Rd1 Bh7 36. f5 Re4 37. Bd3 R4e7 38. Bc2 Rf8 39. Kf3 Rfe8 40.
Rd3 d4 41. Kf2 c5 42. b4 b6 43. bxc5 bxc5 44. Bb3 Bg8 45. Bxg8 Kxg8 46. exd4
Re2+ 47. Kf1 cxd4 48. Rxd4 Re1+ 49. Kf2 R8e2+ 50. Kf3 Re3+ 51. Kf4 Rxg3 52.
Kxg3 Re3+ 53. Kf4 Rxa3 54. f6 Ra5 55. fxg7 Kxg7 56. Rd7+ Kg8 57. Rd6 Kh7 58.
Rg6 Ra1 59. Rb6 Ra5 60. Rg6 Ra1 61. Ke5 a5 62. Ra6 Re1+ 63. Kf4 Rf1+ 64. Kg3
Rg1+ 65. Kh3 Rh1+ 66. Kg2 Ra1 67. Ra7+ Kg8 68. Kf3 Ra4 69. Ra6 Kh7 70. Ra7+ Kg8
71. Kg3 Kh8 72. Ra6 Kh7 73. Rg6 Rb4 74. Ra6 Ra4 1/2-1/2

[Event "Laval op"]
[Site "Laval CAN"]
[Date "2022.06.24"]
[Round "1.5"]
[White "Liu, Kevin"]
[Black "Zhu, Hong Rui"]
[Result "1/2-1/2"]
[WhiteElo "1579"]
[BlackElo "2210"]
[PlyCount "68"]
[EventDate "2022.06.24"]
[EventType "swiss"]
[EventRounds "5"]
[EventCountry "CAN"]

1. c4 c5 2. g3 g6 3. Bg2 Bg7 4. Nc3 Nc6 5. e4 d6 6. Nge2 a6 7. O-O Rb8 8. d3 b5
9. Rb1 e6 10. b3 Nge7 11. f4 O-O 12. g4 f5 13. exf5 gxf5 14. g5 b4 15. Na4 Bd7
16. Bb2 Nd4 17. Bxd4 cxd4 18. Nb2 Qa5 19. Ng3 Ng6 20. Nh5 Bh8 21. Qc2 Be8 22.
Bh1 Qd8 23. Rbe1 e5 24. Bd5+ Bf7 25. Bxf7+ Rxf7 26. Qg2 Kf8 27. Re2 Rbb7 28.
Ref2 Kg8 29. Qe4 exf4 30. Nxf4 Nxf4 31. Rxf4 Qxg5+ 32. Kh1 Be5 33. Rxf5 Qh6 34.
R1f2 Qf8 1/2-1/2